| Tag |
First Indicator |
Second Indicator |
Subfields |
| LEADER |
00000nam a2200000Ia 4500 |
| 001 |
in00004182016 |
| 005 |
20200807084435.0 |
| 006 |
m g d |
| 007 |
cr bn |||a|bb| |
| 008 |
060505s1634 enki o 000 0 eng d |
| 035 |
|
|
|a (OCoLC)68222364
|
| 040 |
|
|
|a UMI
|e dcrb
|c UMI
|
| 037 |
|
|
|a CL0036000074
|b ProQuest Information and Learning 300 N. Zeeb Rd., Ann Arbor, MI 48103-1553
|
| 043 |
|
|
|a e-uk-en
|
| 045 |
|
|
|a u-u-
|
| 090 |
|
|
|a BX5147.Z9
|b 1634
|
| 049 |
|
|
|a UMIA
|
| 110 |
2 |
|
|a Church of England.
|
| 245 |
1 |
0 |
|a Prayers and thanksgiuing to be vsed by all the Kings Maiesties louing subiects, :
|b for the happy deliuerance of His Maiestie, the Queene, Prince, and states, of the Parliament, from the most traiterous and bloody intended massacre by gun-powder, the fift of Nouember. 1605. /
|c Set forth by authority..
|
| 260 |
|
|
|a Imprinted at London :
|b by Robert Barker, Printer to the Kings most Excellent Maiestie: And by the assignes of Iohn Bill.,
|c 1634.. .
|
| 300 |
|
|
|a 1 online resource ([51] pages :
|b coats of arms.
|
| 336 |
|
|
|a text
|b txt
|2 rdacontent
|
| 337 |
|
|
|a computer
|b c
|2 rdamedia
|
| 338 |
|
|
|a online resource
|b cr
|2 rdacarrier
|
| 500 |
|
|
|a Title page has royal arms, with crowned init. 'C R'; large royal arms verso of t.p.; head-piece; initials; black letter.
|
| 500 |
|
|
|a Signatures: A-F⁴, G².
|
| 500 |
|
|
|a Includes "Anno III. Iacobi Regis. An act for a publike thanksgiuing to almighty God, euery yeere on the fift day of Nouember."
|
| 500 |
|
|
|a Imperfect: cropped, tightly bound, and with print show-through, and loss of printing.
|
| 500 |
|
|
|a Reproduction of original in: British Library.
|
| 510 |
4 |
|
|a STC (2nd edition)
|c 16498.
|
| 533 |
|
|
|a Electronic reproduction.
|b Ann Arbor, Mich. :
|c UMI,
|d 1999-
|f (Early English books online)
|n Digital version of: (Early English books, 1475-1640 ; 2194:9)
|7 s1999 miun s
|
| 610 |
2 |
0 |
|a Church of England
|x Liturgy
|x Texts
|v Early works to 1800.
|
| 600 |
0 |
0 |
|a James
|b I,
|c King of England,
|d 1566-1625.
|
| 650 |
|
0 |
|a Gunpowder Plot, 1605.
|
| 740 |
0 |
2 |
|a Act for a publike thanksgiuing to almighty God, euery yeere on the fift day of Nouember.
|
| 830 |
|
0 |
|a Early English books online.
|
| 856 |
4 |
0 |
|u http://proxy.library.tamu.edu/login?url=https://search.proquest.com/docview/2240938879
|z Connect to the full text of this electronic book
|t 0
|
| 994 |
|
|
|a 02
|b UMI
|
| 999 |
f |
f |
|s be435cc4-4c40-3771-b04c-57040417de29
|i 0b9d1bf7-0ed4-3fec-bb89-4e5ab81a5342
|t 0
|
| 952 |
f |
f |
|a Texas A&M University
|b College Station
|c Electronic Resources
|d Available Online
|t 0
|e BX5147.Z9 1634
|h Library of Congress classification
|
| 998 |
f |
f |
|a BX5147.Z9 1634
|t 0
|l Available Online
|